Operating systems: internals and design principles (Record no. 1413)
| 000 -LEADER | |
|---|---|
| fixed length control field | 00623nam a22001937a 4500 |
| 003 - CONTROL NUMBER IDENTIFIER | |
| control field | OSt |
| 005 - DATE AND TIME OF LATEST TRANSACTION | |
| control field | 20141014144845.0 |
| 008 - FIXED-LENGTH DATA ELEMENTS--GENERAL INFORMATION | |
| fixed length control field | 141014b xxu||||| |||| 00| 0 eng d |
| 020 ## - INTERNATIONAL STANDARD BOOK NUMBER | |
| International Standard Book Number | 9781292061351 |
| 050 ## - LIBRARY OF CONGRESS CALL NUMBER | |
| Classification number | QA76.76.O63 S734 2014 |
| 100 ## - MAIN ENTRY--PERSONAL NAME | |
| Personal name | Stallings, William. |
| 245 ## - TITLE STATEMENT | |
| Title | Operating systems: internals and design principles |
| Statement of responsibility, etc | William Stallings. |
| 250 ## - EDITION STATEMENT | |
| Edition statement | 8th ed. |
| 260 ## - PUBLICATION, DISTRIBUTION, ETC. (IMPRINT) | |
| Place of publication, distribution, etc | Upper Saddle River, N.J. |
| Name of publisher, distributor, etc | Pearson Education Limited |
| Date of publication, distribution, etc | 2014 |
| 300 ## - PHYSICAL DESCRIPTION | |
| Extent | 763p. |
| Other physical details | ill. |
| Dimensions | 25cm. |
| 504 ## - BIBLIOGRAPHY, ETC. NOTE | |
| Bibliography, etc | Includes bibliographical references (p. [753]-769) and index. |
| 650 ## - SUBJECT ADDED ENTRY--TOPICAL TERM | |
| Topical term or geographic name as entry element | Operating systems (Computers) |
| 942 ## - ADDED ENTRY ELEMENTS (KOHA) | |
| Source of classification or shelving scheme | |
| Koha item type | Book |
| Withdrawn status | Lost status | Source of classification or shelving scheme | Damaged status | Not for loan | Home library | Current library | Shelving location | Date acquired | Total Checkouts | Full call number | Barcode | Date last seen | Date checked out | Copy number | Price effective from | Koha item type | Total Renewals |
|---|---|---|---|---|---|---|---|---|---|---|---|---|---|---|---|---|---|
| Riara University Library | Riara University Library | General stack | 14/10/2014 | 1 | QA76.76.O63 S734 2014 | 5016/14 | 15/03/2016 | 27/02/2016 | C.1 | 14/10/2014 | Book on Shortloan | ||||||
| Riara University Library | Riara University Library | General stack | 14/10/2014 | 10 | QA76.76.O63 S734 2014 | 5017/14 | 26/07/2023 | 18/05/2023 | C.2 | 14/10/2014 | Book | ||||||
| Riara University Library | Riara University Library | General stack | 14/10/2014 | 2 | QA76.76.O63 S734 2014 | 5018/14 | 15/08/2024 | 11/06/2024 | C.3 | 14/10/2014 | Book on Shortloan | 1 |
